Lavado de activos en colombia, desde el periodo 2018 hasta la actualidad / (Registro nro. 5916)
[ vista simple ]
| 000 -LEADER | |
|---|---|
| fixed length control field | 02713nam a2200301 i 4500 |
| 005 - DATE AND TIME OF LATEST TRANSACTION | |
| control field | 20250329165508.0 |
| 007 - PHYSICAL DESCRIPTION FIXED FIELD--GENERAL INFORMATION | |
| fixed length control field | ta |
| 008 - FIXED-LENGTH DATA ELEMENTS--GENERAL INFORMATION | |
| fixed length control field | 200622s2023 000 0 eng d |
| 040 ## - CATALOGING SOURCE | |
| Original cataloging agency | CO-CtgCURN |
| Language of cataloging | spa |
| Transcribing agency | coctgcurn |
| Description conventions | rda |
| 082 0# - DEWEY DECIMAL CLASSIFICATION NUMBER | |
| Classification number | TCS 2023 |
| Item number | M779 |
| 100 1# - MAIN ENTRY--PERSONAL NAME | |
| Personal name | Montes Anaya, Dina Luz, |
| Relator term | author. |
| Relationship | aut |
| 245 10 - TITLE STATEMENT | |
| Title | Lavado de activos en colombia, desde el periodo 2018 hasta la actualidad / |
| Statement of responsibility, etc. | Dina Luz Montes Anaya; Jose David Marimon; Jose Gregorio Orozco Jiménez; Tutor:Javier Hernández Royett . |
| 260 ## - PUBLICATION, DISTRIBUTION, ETC. | |
| Place of publication, distribution, etc. | Cartagena de Indias : |
| Name of publisher, distributor, etc. | Corporación Universitaria Rafael Núñez, |
| Date of publication, distribution, etc. | 2023. |
| 260 #4 - PUBLICATION, DISTRIBUTION, ETC. | |
| Date of publication, distribution, etc. | ©2023. |
| 300 ## - PHYSICAL DESCRIPTION | |
| Extent | 28 hojas. |
| 336 ## - CONTENT TYPE | |
| Content type term | text |
| Content type code | txt |
| Source | rdacontent |
| 337 ## - MEDIA TYPE | |
| Media type term | unmediated |
| Media type code | n |
| Source | rdamedia |
| 338 ## - CARRIER TYPE | |
| Carrier type term | volume |
| Carrier type code | nc |
| Source | rdacarrier |
| 502 ## - DISSERTATION NOTE | |
| Dissertation note | Trabajo de grado (Tecnologo en contabilidad sistematizada). Corporación Universitaria Rafael Núñez. Facultad de Ciencias Administrativas y Contables. Programa de Tecnología en Contabilidad Sistematizada, 2023. |
| 520 8# - SUMMARY, ETC. | |
| Summary, etc. | "La contabilidad es una herramienta que se destaca por su importancia, cuando se trata de evaluar algún fenómeno económico y también la utilidad con la cual se toman las decisiones correspondientes en una empresa. Teniendo en cuenta esto, podemos decir que la contabilidad ambiental y social posee una enorme relevancia para determinar el nivel de impacto que se presentar en la aplicación de diferentes políticas. La contabilidad ambiental y social básicamente son todas esas actividades que se encargan de los datos que resaltan la contribución de los recursos naturales que de una u otra manera afectan a la población y que van de la mano con el buen pasar económico, como, por ejemplo, los costos de todos los impuestos por contaminación que debe pagar una empresa o bien, por el agotamiento.La contabilidad social busca medir los efectos de la organización en la comunidad y en la sociedad en general, incluyendo el impacto en los empleados, los clientes, los proveedores y la comunidad en la que opera. Esto puede incluir la evaluación del impacto de las políticas de la empresa en la igualdad de género, la diversidad, la educación, la salud, la cultura y otros temas sociales." |
| 650 #0 - SUBJECT ADDED ENTRY--TOPICAL TERM | |
| Topical term or geographic name entry element | Contabilidad sistematizada |
| General subdivision | Tesis y disertaciones académicas. |
| 700 1# - ADDED ENTRY--PERSONAL NAME | |
| Personal name | Marimon, José David. |
| 700 1# - ADDED ENTRY--PERSONAL NAME | |
| Personal name | Orozco Jiménez, José Gregorio . |
| 700 1# - ADDED ENTRY--PERSONAL NAME | |
| Personal name | Hernández Royett, Javier, |
| Relator term | director. |
| 856 7# - ELECTRONIC LOCATION AND ACCESS | |
| Uniform Resource Identifier | <a href="https://unicurn.sharepoint.com/:w:/s/biblioteca/ETqFEga45HJEscXXRXxChEwB0Ef74SfxGmMlnjhCij82RA?e=IOGieW">https://unicurn.sharepoint.com/:w:/s/biblioteca/ETqFEga45HJEscXXRXxChEwB0Ef74SfxGmMlnjhCij82RA?e=IOGieW</a> |
| Public note | Click aqui para ver el recurso en texto completo |
| 942 ## - ADDED ENTRY ELEMENTS (KOHA) | |
| Koha item type | Trabajos de grado |
| Classification part | TCS 2023 |
| Item part | M779 |
| Institution code [OBSOLETE] | MHC |
| -- | MHC |
| Source of classification or shelving scheme | Dewey Decimal Classification |
| Withdrawn status | Lost status | Source of classification or shelving scheme | Damaged status | Not for loan | Collection | Home library | Current library | Shelving location | Date acquired | Total checkouts | Full call number | Barcode | Date last seen | Price effective from | Koha item type |
|---|---|---|---|---|---|---|---|---|---|---|---|---|---|---|---|
| Dewey Decimal Classification | Trabajos de grado | Miguel Henríquez Castañeda | Miguel Henríquez Castañeda | Trabajo de grado | 03/29/2025 | TCS 2023 M779 | 025150 | 03/29/2025 | 03/29/2025 | Trabajos de grado |